• 首页
  • 本馆介绍
  • 公告通知
  • 最新文献
  • 馆藏检索
  • 电子资源
  • 读者导购
  • 参考咨询
  • 我的图书馆
  • 登录
  • 详细信息显示
  • 放入我的书架
  • 预约/预借图书
  • 作者相关作品
  • 分类相关作品
  • 丛书相关作品
  • 出版社相关作品

书目信息

  • 表格格式
  • 工作单格式
  • 卡片格式
题名:
严复思想研究
    
 
作者: 张志建 著
分册:  
出版信息: 桂林   广西师范大学出版社  1989.7
页数: 241页
开本: 19cm
丛书名:
单 册:
中图分类: B256
科图分类:
主题词: 严复--哲学 , 严复
电子资源:
ISBN: 7-5633-0461-4
000 00606nam0 2200229 45
001 0189021949
005 20050525111659.2
010    @a7-5633-0461-4@dCNY3.50
020    @aCN@b89021949
100    @a19910905d1989 km y0chiy0120 ea
101 0  @achi
102    @aCN@b450000
105    @ay z 000yy
200 10 @a严复思想研究@Ayan fu si xiang yan jiu@f张志建著@Fzhang zhi jian zhu
210    @a桂林@c广西师范大学出版社@d1989.7
215    @a241页@d19cm
606 0  @a严复@x哲学
606 0  @a严复
690    @aB256@v3
701  0 @a张志建@4著
801  0 @aCN@bNLC@c19910905
905    @f1@b259076@dB256@e26
    
    严复思想研究/张志建著.-桂林:广西师范大学出版社,1989.7
    241页;19cm
    
    
    ISBN 7-5633-0461-4:CNY3.50
    
●
相关链接 在E读中查询图书 在五车中查询图书 在当当中查询图书 在豆瓣中查询图书


正题名:严复思想研究     索取号:B256/26         预约/预借

序号 登录号 条形码 馆藏地/架位号 状态 备注
1 0259076   002040883   第一样本阅览室/ [索取号:B256/26] 在馆    
2 259077   000523507   第一借阅区/ [索取号:B256/26] 在馆    
3 259078   000523464   密集书库/ [索取号:B256/26] 在馆    
唐山师范学院图书馆 欢迎您!
大连网信软件有限公司© 版权所有